| 000 | 00958cam a2200193 4500 | ||
|---|---|---|---|
| 001 | WB3821-14 | ||
| 008 | 020613n2002 000 0 eng u | ||
| 035 | _a(Sirsi) u118406 | ||
| 245 | _aDisabled access to businesses | ||
| 260 | _c2002 | ||
| 490 |
_aRICS News Service _v7 June 2002, (1) |
||
| 520 | _aDisability rights commission has published a new code of practice on the rights of access that businesses and service providers must give to diabled people. The code outlines the final set of access duties under the Disability Discrimination Act 1995 which comes into force in October 2004.Code of practice is available http://www.drc-gb.org/drc/Documents/Code%20of%20Practice.pdf http://www.rics.org/ricscms/bin/show?class=News&template=/includes/shownews.html&id=2719 | ||
| 590 | _aWB | ||
| 650 | _aDISABILITY RIGHTS COMMISSION | ||
| 650 | _aRIGHTS OF ACCESS | ||
| 650 | _aDISABILITY DISCRIMINATION ACT 1995 | ||
| 690 | _aLAW-UK | ||
| 942 | _n0 | ||
| 999 |
_c70483 _d70483 |
||